| 000 | 01237nam0a2200325 i 4500 | ||
|---|---|---|---|
| 001 | RU\NLR\bibl\2018960 | ||
| 005 | 20260407085220.0 | ||
| 010 |
_a9785912981180 _9120 |
||
| 021 |
_aRU _b2013-18856 _91321 |
||
| 035 | _a(NLR Aleph) 002007300 | ||
| 090 |
_a4435470 _c4435470 |
||
| 100 | _a20130403d2013 u y0rusy50 ca | ||
| 101 | 0 | _arus | |
| 102 | _aRU | ||
| 105 | _ay ||||||||| | ||
| 200 | 1 |
_aНигерия _eсправочно-монографическое издание _fФедер. гос. бюджет. учреждение науки Ин-т Африки РАН _g[отв. ред.: к.э.н. И.Г. Большов, к.и.н. Т.С. Денисова] |
|
| 210 |
_aМосква _cИАфр РАН _d2013 |
||
| 215 |
_a375, [1] с. _d20 |
||
| 607 |
_aНигерия _jСправочники _91063667 _3RU\NLR\auth\6694745 |
||
| 686 | _aД890(63Ниг)я2 | ||
| 686 | _aТ3(6Ниг)63я23 | ||
| 702 | 1 |
_aБольшов _bИ. Г. _gИгорь Григорьевич _4340 |
|
| 712 | 0 | 2 |
_4570 _aИнститут Африки _cМосква _9299427 _3RU\NLR\AUTH\8813199 |
| 801 | 0 |
_aRU _bNLR _c20130403 _gRCR |
|
| 801 | 1 |
_aRU _bNLR _c20130403 |
|
| 830 | _aпо эк | ||
| 942 | _cBOOK | ||
| 980 | _aNBR | ||